<?xml version="1.0" encoding="UTF-8"?>
<marc:record xmlns:marc="http://www.loc.gov/MARC21/slim">
   <marc:leader>00000nam a2200000 a 4500</marc:leader>
   <marc:datafield ind1="1" ind2=" " tag="100">
      <marc:subfield code="a">Noebel, David A.</marc:subfield>
      <marc:subfield code="4">aut</marc:subfield>
      <marc:subfield code="e">Verfasser/-in</marc:subfield>
   </marc:datafield>
   <marc:datafield ind1="1" ind2=" " tag="100">
      <marc:subfield code="a">Noebel, David A.</marc:subfield>
   </marc:datafield>
   <marc:datafield ind1=" " ind2=" " tag="653">
      <marc:subfield code="a">Christentum</marc:subfield>
   </marc:datafield>
   <marc:datafield ind1=" " ind2=" " tag="653">
      <marc:subfield code="a">Nichtchristliche Religion</marc:subfield>
   </marc:datafield>
   <marc:datafield ind1=" " ind2=" " tag="653">
      <marc:subfield code="a">Apologetik</marc:subfield>
   </marc:datafield>
   <marc:datafield ind1=" " ind2=" " tag="653">
      <marc:subfield code="a">Ideologie</marc:subfield>
   </marc:datafield>
   <marc:datafield ind1=" " ind2=" " tag="653">
      <marc:subfield code="a">Philosophie</marc:subfield>
   </marc:datafield>
   <marc:datafield ind1=" " ind2=" " tag="653">
      <marc:subfield code="a">Softcover</marc:subfield>
   </marc:datafield>
   <marc:datafield ind1=" " ind2=" " tag="653">
      <marc:subfield code="a">Karte</marc:subfield>
   </marc:datafield>
   <marc:datafield ind1=" " ind2=" " tag="653">
      <marc:subfield code="a">Theologie / Sonstiges</marc:subfield>
   </marc:datafield>
   <marc:datafield ind1="0" ind2="0" tag="245">
      <marc:subfield code="a">Kampf um Wahrheit</marc:subfield>
   </marc:datafield>
   <marc:datafield ind1="0" ind2="0" tag="245">
      <marc:subfield code="b">die bedeutendsten Weltanschauungen im Vergleich ; [Humanismus, Marxismus, Esoterik, Postmoderne, Islam, Christentum</marc:subfield>
   </marc:datafield>
   <marc:datafield ind1="0" ind2="0" tag="245">
      <marc:subfield code="c">David A. Noebel. [Aus dem Engl. übertr. von Christian Rendel</marc:subfield>
   </marc:datafield>
   <marc:datafield ind1=" " ind2="1" tag="264">
      <marc:subfield code="a">Gräfelfing</marc:subfield>
      <marc:subfield code="b">Resch</marc:subfield>
      <marc:subfield code="c">2007</marc:subfield>
   </marc:datafield>
   <marc:datafield ind1=" " ind2=" " tag="250">
      <marc:subfield code="a">1. Aufl.</marc:subfield>
   </marc:datafield>
   <marc:datafield ind1="1" ind2=" " tag="520">
      <marc:subfield code="a">Angaben aus der Verlagsmeldung

Kampf um Wahrheit - die bedeutendsten Weltanschauungen im Vergleich : Humanismus, Marxismus, Esoterik, Postmoderne, Islam, Christentum The battle for truth / von David A Noebel

In unserer Gesellschaft spielt sich ein Kampf um die Wahrheit ab. Christlicher Glaube und abendländische Werte werden angegriffen, als nicht wahr bezeichnet und relativiert. In der Folge werden sie in der Rechtsprechung und Gesetzgebung, in der Pädagogik und im menschlichen Miteinander verdrängt. Die Botschaften, die heutzutage in Medien, in Schulen und Universitäten vermittelt werden, sind allerdings nicht neutral, obwohl sie sich so ausgeben, sondern - oft unbemerkt - antichristlich. Gibt es überhaupt eine "neutrale" Weltanschauung, die somit die Wahrheit beanspruchen kann, oder gibt es unterschiedliche Wahrheiten? Welche Weltanschauung hat sich bewährt, wenn sie das praktische Handeln der Menschen bestimmt? Der Autor beschreibt jeweils kurz und übersichtlich zehn Fachgebiete (Theologie, Philosophie, Ethik, Biologie, Psychologie, Soziologie, Gesetzgebung, Politik, Wirtschaft und Geschichte) aus jeweils vier Sichtweisen: Säkularer Humanismus, Marxismus-Leninismus, New-Age-Denken und Biblisches Christentum. Der Leser kann sich so selbst ein Bild machen, welche dieser Aussagen tragfähig sind und welche das menschliche Miteinander am besten gewährleisten. Das Buch bietet somit eine dringend notwendige Orientierungshilfe, will man die verschiedenen geistigen Strömungen richtig werten. Wer es gelesen hat, kann leichter Meinungsäußerungen, Programme und Lehrmeinungen beurteilen. Dieses Buch verdeutlicht auch das Besondere der christlichen Botschaft und deren markante Unterschiede zu anderen Weltbildern. Es ist für jeden, der sich mit dem Wandel in unserer Gesellschaft auseinandersetzen will, unverzichtbar. David A. Noebel ist Präsident von Summit Ministries in Manitou Springs, Colorado in USA. Er studierte in Milwaukee/Grace Bible College, Hope College, der Universität von Tulsa und der Universität von Wisconsin (Madison). Er ist Mitglied der "American Philosophical Association", der "Society of Christian Philosophers" und dem "Council for National Policy".
</marc:subfield>
   </marc:datafield>
   <marc:datafield ind1=" " ind2=" " tag="020">
      <marc:subfield code="a">9783935197410</marc:subfield>
      <marc:subfield code="9">9783935197410</marc:subfield>
   </marc:datafield>
   <marc:datafield ind1=" " ind2=" " tag="020">
      <marc:subfield code="a">3935197411</marc:subfield>
      <marc:subfield code="9">3935197411</marc:subfield>
   </marc:datafield>
   <marc:datafield ind1=" " ind2=" " tag="041">
      <marc:subfield code="a">ger</marc:subfield>
   </marc:datafield>
   <marc:datafield ind1=" " ind2=" " tag="300">
      <marc:subfield code="a">502 S.</marc:subfield>
   </marc:datafield>
</marc:record>
